000 01730nam a2200373 c 4500
003 BLK
005 20230712152914.0
008 180408b bul|||||r ||||||| ||bul||
010 _aKNG00097220000
020 _a954-8804-34-8
_bиздат.: Абагар-МК'90 - (многотомно)(грешен)
020 _a954-8004-34-8
_bиздат.: Абагар-МК'90 - (многотомно)(поправен)
020 _a954-8804-36-4
_bиздат.: Абагар-МК'90 - на том(т. 2)(грешен)
020 _a954-8004-36-4
_bиздат.: Абагар-МК'90 - на том(т. 2)(поправен)
040 _aBLK
041 _aBUL
_cBUL
080 _aФренска литература
_b821.133.1
_x-31
_z821.133.1-31
100 1 _aЗевако, Мишел
_eпърви автор
_969560
700 1 _aБанова, Севдалина
_eпрев. от фр.
_9304898
139 _aЗевако, Мишел
_bЗ 51
245 1 0 _aБорджиите
_bТ. 1 - 2
_cМишел Зевако; прев. от фр. Севдалина Банова.
_nТ. 2
_pЛукреция Борджия
257 _aFRA
260 София
_c1992 -
_fВ. Търново : Абагар
300 _c20 см
380 _aX
500 _aОриг. загл. Borgia / Michel Zevako.
653 _aромани
760 1 _3- (многотомно)(грешен)
_aЗевако, Мишел
_dАбагар-МК'90, 1992
_h223 с.
_n15 000 тир.
_tТ. 2 Лукреция Борджия
852 _aЦб 167801
856 4 _qpdf
_u
856 4 _qpdf
_u
942 _cKNG
_n0
_02
944 _aCR
_c07.10.2010
_lМинев Младен
_k30530
944 _aED
_c22.07.2016
_lф /
_kПенка_Димитрова
999 _c92441
_d92441